Principles of Financial Engineering (Record no. 5269)

MARC details
005 - DATE AND TIME OF LATEST TRANSACTION
control field 20250626093912.0
020 ## - INTERNATIONAL STANDARD BOOK NUMBER
International Standard Book Number 97865432
082 ## - DEWEY DECIMAL CLASSIFICATION NUMBER
Classification number 620.1 NEF
100 ## - MAIN ENTRY--PERSONAL NAME
Author name NEFTCI, S. N.
245 ## - TITLE STATEMENT
Title Principles of Financial Engineering
250 ## - EDITION STATEMENT
Edition statement 2nd Ed.
260 ## - PUBLICATION, DISTRIBUTION, ETC.
Place of publication, distribution, etc. London,
Name of publisher, distributor, etc. Elsevier,
Date of publication, distribution, etc. 2008.
300 ## - PHYSICAL DESCRIPTION
Extent xv,667p.; ill.; figure, table
Other physical details Reference & Index
Dimensions 25cm
942 ## - ADDED ENTRY ELEMENTS (KOHA)
Source of classification or shelving scheme Dewey Decimal Classification
Koha item type Books
Holdings
Date last seen Total checkouts Full call number Barcode Cost, replacement price Price effective from Koha item type Lost status Source of classification or shelving scheme Damaged status Not for loan Withdrawn status Home library Current library Shelving location Date acquired Cost, normal purchase price
06/26/2025   620 NEF DOM000591 255000.00 06/26/2025 Books   Dewey Decimal Classification       CBE Dodoma CBE Dodoma General Collection 05/26/2015 85000.00
06/26/2025   620 NEF DOM000590 255000.00 06/26/2025 Books   Dewey Decimal Classification       CBE Dodoma CBE Dodoma General Collection 05/26/2015 85000.00
06/26/2025   620 NEF DOM000592 255000.00 06/26/2025 Books   Dewey Decimal Classification       CBE Dodoma CBE Dodoma General Collection 05/26/2015 85000.00